Finite element analysis of MIC resonators /
Saved in:
| Main Author: | |
|---|---|
| Format: | Thesis Book |
| Language: | English |
| Published: |
1984.
|
| Subjects: | |
| Tags: |
Add Tag
No Tags, Be the first to tag this record!
|
| LEADER | 00794cam a2200241 4500 | ||
|---|---|---|---|
| 001 | u52261 | ||
| 003 | SIRSI | ||
| 008 | 871114s1984 si a v 00 1 eng m | ||
| 035 | |a AAF-6208 | ||
| 040 | |a UMM | ||
| 090 | |a TK7876 |b Pra |c f | ||
| 100 | 1 | 0 | |a Prakash, A. L. Satya |
| 245 | 1 | 0 | |a Finite element analysis of MIC resonators / |c by A.L. Satya Prakash. |
| 260 | |c 1984. | ||
| 300 | |a xvii, 148 leaves : |b ill. ; |c 30cm. | ||
| 502 | |a Dissertation (M.Eng.) -- National University of Singapore, 1984. | ||
| 504 | |a Bibliography: leaves 116-123. | ||
| 650 | 0 | |a Microwave integrated circuits. | |
| 650 | 0 | |a Electric resonators. | |
| 650 | 0 | |a Finite element method. | |
| 948 | |a 16/03/1991 |b 27/11/2000 | ||
| 596 | |a 1 | ||
| 999 | |a TK7876 PRA |w LC |c 1 |i A002760721 |d 26/1/1998 |l STACKS |m P01UTAMA |n 1 |r Y |s Y |t TESIS |u 19/2/1992 | ||
